Preguntas conectadas - Estadísticas

Estadísticas generales
  • Esta prueba ha sido intentada 49 veces
  • La puntuación promedio es 14 de 20
Estadísticas de respuestas
Pregunta Respuesta % Correcto
País formado por 50 estados Estados Unidos
100%
País del que provienen la mayoría de migrantes de dicha ciudad México
98%
El estado más poblado de ellos California
95%
Ciudad más poblada de dicho estado Los Ángeles
93%
Ciudad de dicho país con el mismo nombre que una ciudad española Guadalajara
91%
Región de España en la que se encuentra dicha ciudad Castilla La Mancha
86%
País de dicho equipo Francia
79%
País que más exporta dicho producto Italia
79%
Club de fútbol con más títulos de dicho país Juventus
74%
Producto que más exporta dicha región Vino
74%
Único equipo fuera de su país en el que jugó dicho portero Paris Saint-Germain
67%
Equipo que juega en la liga del anterior país sin estar establecido en su territorio AS Monaco
63%
Histórico portero de dicho club Gianluigi Buffon
60%
Un español que destaca en este deporte es Fernando Alonso
56%
El país del anterior club destaca por este deporte Fórmula 1
56%
Equipo con el que dicho jugador ganó su primera Champions League Manchester City
56%
Una capital de europa que empieza con la misma letra que dicha ciudad es Oslo
56%
Dicho español nació en la ciudad de Oviedo
56%
Futbolista más famoso del país de la capital anterior Erling Haaland
53%
Ciudad no capital más poblada del país del equipo anterior Birmingham
51%
No se encontraron pruebas coincidentes
Distribución de puntuación
Porcentaje de gente con cada puntuación
Porcentaje por número respondido
Historial de tus puntuaciones
No has intentado esta prueba.